Normal view MARC view
  • PROJECT SUPERVISOR DR. RAJA AMER AZIM LT COL SHAHBAZ GHANI TI(M)

Entry Corporate Name

Number of records used in: 1

001 - CONTROL NUMBER

  • control field: 122787

003 - CONTROL NUMBER IDENTIFIER

  • control field: NUST

005 - DATE AND TIME OF LATEST TRANSACTION

  • control field: 20240521171049.0

008 - FIXED-LENGTH DATA ELEMENTS

  • fixed length control field: 240521|| aca||aabn | a|a d

040 ## - CATALOGING SOURCE

  • Original cataloging agency: NUST
  • Transcribing agency: NUST

110 ## - HEADING--CORPORATE NAME

  • Corporate name or jurisdiction name as entry element: PROJECT SUPERVISOR DR. RAJA AMER AZIM LT COL SHAHBAZ GHANI TI(M)

670 ## - SOURCE DATA FOUND

  • Source citation: Work cat.: (NUST): S RAO MUHAMMAD ZUBAIR KHAN NS MAAZ ALI NS MUHAMMAD AKIF 122786, PR-SOF-2288-Development of a Vehicle Longitudinal Performance Simulator, 2023.
© 2023 Central Library, National University of Sciences and Technology. All Rights Reserved.